000 00439nam a2200169 4500
003 SEACOMMC
005 20240925145352.0
008 240925b |||||||| |||| 00| 0 eng d
020 _a 812590770X
_cRs.300.00
040 _aSEACOMMC
082 _a658.4034
_bN 158
100 _aNair, N. G
245 1 _aResource management
_cN. G. Nair
260 _a New Delhi
_b Vikas Publication
_c 2002
650 _a Resource Management
942 _cBOOK
999 _c602
_d602